00860nam a22002177a 450000500170000001000150001702000270003203500140005903700090007308200190008210000260010124500960012725000060022326000530022927000750028230000260035770000330038394200330041699900190044995201740046820241203155334.0 aENG-142798 a9789355328892c1025.00 aEN-126330 bDBAD a358.403801129 aBaltzan, Paige974604 aBusiness Driven Information Systems: bAn MIS Approach/cby Paige Baltzan [and] Ramesh Behl a9 aChennaibMcGraw Hill Education Private Ltdc2024 aAnjana Complex No. 5/90 A, Butt Road, St Thomas MountbChennaie600016 avpp.c28cm(pb)bIndex aBehl, Ramesh eAuthor974605 2ddccENmGHAh358.4038011e9 c207374d207374 001040708NFICaAVbAVd2024-12-03eDelivery of Books Act Divisiong1025.00l2oGHA 358.4038011pEN-126330r2025-08-27 00:00:00s2025-08-11t1v1025.00w2024-12-03yEN